00554nam a2200193Ia 4500008004100000020001500041082001800056100001600074245003600090250000800126260002900134300001300163500002400176650001600200700001700216942000700233952010500240999001500345230524s9999 xx 000 0 und d a8121918500 a621.3892bTHA aB.L.Theraja 0aElectronic Devices and Circuits a1ST aNEW DELHIbS.Chandc1999 aVIII;484 aQuantity Number: 1 aElectronics a A.K.Theraja cBK 00104070aTATCLbTATCLcGENd2023-05-24l0o621.3892 THAp1541r2023-05-24w2023-05-24yBKzBE2102 c9874d9874